000 01731nam a2200253Ia 4500
008 0000002008 sp ad 0000000000spa00
020 _a9788479474676
090 _aPSP00 E66e
100 1 _aOtero, José
_d1979
245 1 0 _aEppur si muove ...y, sin embargo, se mueve
_c/ José Otero ; textos Ramón Salas ; traducción Kim Eddy, María Flink, Meikita Kuhnert ; fotografías Teresa Arozena, José Otero
300 _a109 p.
_c/ 23 cm.
500 _aExposición realizada en Sala de Arte Contemporáneo de Gobierno de Canarias, Santa Cruz de Tenerife, 2008 \ Texto en español, inglés y alemán \ Proyecto Ganador Programa Apoyos Concertados FGAA 2010
501 _aEppu si mouve ...y, sin embargo, se mueve / Ramón Salas
505 _aOBRAS : Ad nauseam Diagnóstico pronóstico El miedo ante el lienzo en blanco Aprendiendo a dormir con luz Dormitorio de K Dierssen y P. Kiare. Estudio de un grupo social Desaprender Tabula Reunión de díez personas anónimas Tres personas anónimas perdiendo el tiempo Ejercicio doméstico SobreeXposición 16 segundos Interrupción. vista al cementerio Grundshule Chance Fronteras Imagen de estudio de mis zapatos de pintor Objetos recopilados tras el desastre Trópicos Zoom out
600 0 0 _aOTERO, JOSE. 1979/
_xTRABAJOS PICTRICOS
650 1 4 _aARTE CONTEMPORANEO ESPAÑOL
650 1 4 _aARTISTAS PLASTICOS ESPAÑOLES EXPOSIONES
650 1 4 _xCATALOGOS
650 1 4 _xEXPOSICIONES
650 1 4 _aPINTURA AL OLEO
650 1 4 _aPINTURA ESPAÑOLA
700 1 _aSalas, Ramón \ Eddy, Kim \ Flink, María \ Kuhnhert, Meikita \ Arozena, Teresa
999 _c12147
_d12147
260 _aIslas Canarias : Consejería de Educación, Universidad, Cultura y Deportes
_c2008